000 00904nam a22002177a 4500
005 20250804122025.0
008 250804b |||||||| |||| 00| 0 eng d
020 _a978-93-83517-74-9 (hbk)
037 _cTB
040 _aCRL
_cCRL
041 _2hin
_ahin
084 _aQ2 152R4
_qCRL
100 _aकुमार , अरविन्द 'वनबन्धु'
_9817152
245 _aहिन्दू - धर्म:
_bदोष एवं समाधान
260 _aप्रयागराज, भारत:
_bजी. एच. पब्लिकेशन,
_c2024.
300 _a336पृ.
650 _aधर्म
650 _aहिन्दू धर्म
942 _2CC
_cTB
_hQ2 152R4
_n0
999 _c1434500
_d1434500